| 000 | 00508nam a2200169 4500 | ||
|---|---|---|---|
| 001 | 123093 | ||
| 003 | ES-MaACL | ||
| 005 | 20230906192117.0 | ||
| 007 | t| | ||
| 008 | 070214s1967 sp r ||||0| spa d | ||
| 100 | 1 |
_aProvera, Paolo. _994065 |
|
| 245 | 1 | 0 |
_aCatecismo de los votos religiosos / _cPaolo Provera ; traducción de José Luis Sánchez. |
| 260 |
_aBarcelona : _bHerder, _c1967. |
||
| 300 |
_a289 p ; _c18 cm. |
||
| 700 | 1 |
_aSánchez, José Luis. _9102382 |
|
| 852 |
_aES-MaACL _jC-33879 _bR.65031 |
||
| 999 |
_c123093 _d123093 |
||